header

Textile terminologies in the ancient Near East and Mediterranean from the third to the first millennia BC (Record no. 9042)

MARC details
000 -LEADER
fixed length control field 01696nam a2200409 a 4500
001 - CONTROL NUMBER
control field ebr10695233
003 - CONTROL NUMBER IDENTIFIER
control field CaPaEBR
006 - FIXED-LENGTH DATA ELEMENTS--ADDITIONAL MATERIAL CHARACTERISTICS--GENERAL INFORMATION
fixed length control field m u
007 - PHYSICAL DESCRIPTION FIXED FIELD--GENERAL INFORMATION
fixed length control field cr cn|||||||||
008 - FIXED-LENGTH DATA ELEMENTS--GENERAL INFORMATION
fixed length control field 100924s2010 enka sb 000 0 eng d
010 ## - LIBRARY OF CONGRESS CONTROL NUMBER
Canceled/invalid LC control number 2010037610
020 ## - INTERNATIONAL STANDARD BOOK NUMBER
Cancelled/invalid ISBN 9781842179758
Cancelled/invalid ISBN 9781842177556 (e-book)
040 ## - CATALOGING SOURCE
Original cataloging agency CaPaEBR
Transcribing agency CaPaEBR
035 ## - SYSTEM CONTROL NUMBER
System control number (OCoLC)839389144
043 ## - GEOGRAPHIC AREA CODE
Geographic area code aw-----
-- mm-----
050 14 - LIBRARY OF CONGRESS CALL NUMBER
Classification number TS1413.5
Item number .T49 2010eb
082 04 - DEWEY DECIMAL CLASSIFICATION NUMBER
Classification number 677.00939/4
Edition number 22
245 00 - TITLE STATEMENT
Title Textile terminologies in the ancient Near East and Mediterranean from the third to the first millennia BC
Medium [electronic resource] /
Statement of responsibility, etc edited by C. Michel and M.L. Nosch.
260 ## - PUBLICATION, DISTRIBUTION, ETC. (IMPRINT)
Place of publication, distribution, etc Oxford ;
-- Oakville :
Name of publisher, distributor, etc Oxbow Books,
Date of publication, distribution, etc c2010.
300 ## - PHYSICAL DESCRIPTION
Extent xix, 444 p. :
Other physical details ill.
490 1# - SERIES STATEMENT
Series statement Ancient textiles series ;
Volume number/sequential designation v. 8
504 ## - BIBLIOGRAPHY, ETC. NOTE
Bibliography, etc Includes bibliographical references.
533 ## - REPRODUCTION NOTE
Type of reproduction Electronic reproduction.
Place of reproduction Palo Alto, Calif. :
Agency responsible for reproduction ebrary,
Date of reproduction 2013.
Note about reproduction Available via World Wide Web.
-- Access may be limited to ebrary affiliated libraries.
650 #0 - SUBJECT ADDED ENTRY--TOPICAL TERM
Topical term or geographic name as entry element Textile industry
Geographic subdivision Middle East
General subdivision History
Chronological subdivision To 622
Form subdivision Terminology.
Topical term or geographic name as entry element Textile industry
Geographic subdivision Mediterranean Region
Chronological subdivision History
-- To 1500
Form subdivision Terminology.
Topical term or geographic name as entry element Bronze Age
Geographic subdivision Middle East.
Topical term or geographic name as entry element Bronze Age
Geographic subdivision Mediterranean Region.
651 #0 - SUBJECT ADDED ENTRY--GEOGRAPHIC NAME
Geographic name Middle East
General subdivision Antiquities.
Geographic name Mediterranean Region
General subdivision Antiquities.
655 #7 - INDEX TERM--GENRE/FORM
Genre/form data or focus term Electronic books.
Source of term local
700 1# - ADDED ENTRY--PERSONAL NAME
Personal name Michel, C�ecile.
Personal name Nosch, Marie-Louise.
710 2# - ADDED ENTRY--CORPORATE NAME
Corporate name or jurisdiction name as entry element ebrary, Inc.
830 #0 - SERIES ADDED ENTRY--UNIFORM TITLE
Uniform title Ancient textiles series ;
Volume number/sequential designation v. 8.
856 40 - ELECTRONIC LOCATION AND ACCESS
Uniform Resource Identifier <a href="http://site.ebrary.com/lib/rucke/Doc?id=10695233">http://site.ebrary.com/lib/rucke/Doc?id=10695233</a>
Public note An electronic book accessible through the World Wide Web; click to view

No items available.

© 2026 Rongo University
Contact us: librarian | system librarian | Rongo university